[Event "Brno ÈEZ Talent"]
[Site "?"]
[Date "2014.08.30"]
[Round "8"]
[White "Kraus, Tomas"]
[Black "Vechet, Stanislav"]
[Result "1-0"]
[WhiteElo "2400"]
[BlackElo "2151"]
[PlyCount "93"]
[EventDate "2014.??.??"]

1. c4 e5 2. a3 Nf6 3. e3 d6 4. Nc3 c6 5. Nf3 Qc7 6. Be2 Be7 7. b3 Nbd7 8. Bb2
Nf8 9. Rc1 Ng6 10. O-O O-O 11. d4 Bf5 12. b4 Rfe8 13. Re1 Bf8 14. b5 h6 15. a4
a6 16. Bf1 Bg4 17. h3 exd4 18. Qxd4 Bxf3 19. gxf3 axb5 20. axb5 Ne5 {(R)} 21.
Bg2 Ned7 22. f4 Nc5 23. Qd1 Qd7 24. Qc2 Rac8 25. Red1 Qe6 26. bxc6 bxc6 27. Ne2
Nfe4 28. Nd4 Qd7 29. Ba3 d5 30. Nf3 f6 31. Nd4 Qb7 32. Ra1 Qf7 33. Rdc1 Kh8 34.
Kh2 g5 {Diagram #} 35. f3 gxf4 36. fxe4 dxe4 37. exf4 Nd3 38. Rf1 c5 39. Nb5 f5
40. Bc1 Rc6 41. Ra7 Qg8 42. Bd2 Bg7 43. Bc3 Rg6 44. Rxg7 Rxg7 45. Nd6 Rf8 46.
Bxe4 fxe4 47. Rg1 1-0

[Event "Brno ÈEZ Talent"]
[Site "?"]
[Date "2014.08.30"]
[Round "8"]
[White "Sergeev, Vladimir"]
[Black "Lanc, Alois"]
[Result "1-0"]
[WhiteElo "2438"]
[BlackElo "2363"]
[PlyCount "61"]
[EventDate "2014.??.??"]

1. e4 e5 2. Nf3 Nc6 3. Bc4 d6 4. O-O g6 5. d4 exd4 6. Nxd4 Bg7 7. Nxc6 bxc6 8.
Re1 Ne7 9. c3 O-O 10. Bg5 h6 11. Be3 c5 12. Nd2 Rb8 13. Qc2 Kh8 14. f4 d5 15.
Bf1 d4 16. Bf2 {Diagram #} Nc6 17. Nb3 Qf6 18. g3 g5 19. e5 Qg6 20. Qxg6 fxg6
21. Bg2 Ne7 22. fxg5 hxg5 23. Rac1 d3 24. Bxc5 Rxb3 25. axb3 d2 26. Bxe7 Rf5
27. Rcd1 dxe1=Q+ 28. Rxe1 Rxe5 29. Rxe5 Bxe5 30. Bxg5 a5 31. Bd5 1-0

[Event "Brno ÈEZ Talent"]
[Site "?"]
[Date "2014.08.30"]
[Round "8"]
[White "Chudinovskikh, Alexander M"]
[Black "Richterova, Natasa"]
[Result "1-0"]
[WhiteElo "2273"]
[BlackElo "2105"]
[PlyCount "71"]
[EventDate "2014.??.??"]

1. d4 d6 2. e4 Nf6 3. f3 e5 4. dxe5 dxe5 5. Qxd8+ Kxd8 6. Bc4 Be6 7. Bxe6 fxe6
8. Nh3 Bd6 9. Nf2 Nc6 10. c3 Ke7 11. a4 a5 12. Be3 b6 13. Nd2 h6 14. Nc4 Nd7
15. Nd3 Kf6 16. O-O-O Rhd8 17. Nf2 Bc5 18. Bxc5 Nxc5 19. Ng4+ Ke7 20. Ngxe5
Nxe5 21. Nxe5 Ke8 22. Nc6 Rxd1+ 23. Rxd1 Nxa4 24. Kc2 Nc5 25. h4 Nd7 26. h5 Nf6
27. g4 Nh7 28. e5 Nf8 29. f4 b5 30. f5 {Diagram #} Ra6 31. Rd8+ Kf7 32. Nd4 c5
33. Nxb5 Ke7 34. Rc8 Nd7 35. Nc7 Ra7 36. Re8+ 1-0

[Event "Brno ÈEZ Talent"]
[Site "?"]
[Date "2014.08.30"]
[Round "8"]
[White "Blahynka, Martin"]
[Black "Majer, Jiri"]
[Result "1-0"]
[WhiteElo "2210"]
[BlackElo "2067"]
[PlyCount "83"]
[EventDate "2014.??.??"]

1. e4 c6 2. d4 d5 3. exd5 cxd5 4. c4 Nf6 5. Nc3 Nc6 6. Bg5 e6 7. Nf3 Be7 8. c5
O-O 9. Bb5 Bd7 10. Bxc6 Bxc6 11. Ne5 Nd7 12. Bxe7 Qxe7 13. Nxd7 Qxd7 14. O-O b6
15. cxb6 axb6 16. Qe2 Rfc8 17. Rfc1 g6 18. h4 Qe7 {(R)} 19. g3 Qf6 20. Qe3 Bd7
21. Kg2 Rc4 22. Ne4 Qe7 23. Qg5 Qxg5 24. hxg5 Rxc1 25. Nf6+ Kg7 26. Rxc1 {
Diagram #} Ra7 27. Rh1 Bb5 28. Rxh7+ Kf8 29. a3 Ke7 30. Ng4 Be8 31. Ne5 Kd6 32.
Nxg6 Ra4 33. Ne5 Rxd4 34. Nxf7+ Bxf7 35. Rxf7 e5 36. g6 Rg4 37. Rf6+ Ke7 38.
Rxb6 d4 39. Kf3 d3 40. Ke3 Rd4 41. Kd2 e4 42. Rb4 1-0

[Event "Brno ÈEZ Talent"]
[Site "?"]
[Date "2014.08.30"]
[Round "8"]
[White "Hosek, Martin"]
[Black "Kozusek, Daniel"]
[Result "1-0"]
[WhiteElo "2039"]
[BlackElo "2191"]
[PlyCount "55"]
[EventDate "2014.??.??"]

1. d4 d5 2. c4 c6 3. Nf3 Nf6 4. Nc3 e6 5. e3 Bd6 6. Qc2 O-O 7. b3 Nbd7 8. Bb2
Re8 9. Be2 Qe7 10. O-O e5 11. dxe5 Nxe5 12. cxd5 cxd5 13. Nb5 Nxf3+ 14. Bxf3
Bb8 15. Rfd1 Be6 16. Rac1 a6 17. Nd4 Be5 18. Nxe6 Qxe6 19. Bxe5 Qxe5 20. g3
Rad8 21. Rd4 Rd7 22. Qd2 Red8 23. e4 dxe4 24. Rxd7 Nxd7 25. Qxd7 Qb8 {
Diagram # (R)} 26. Bg4 Rxd7 27. Bxd7 e3 28. fxe3 1-0

[Event "Brno ÈEZ Talent"]
[Site "?"]
[Date "2014.08.30"]
[Round "8"]
[White "Ketola, Ville"]
[Black "Miculka, Petr"]
[Result "0-1"]
[WhiteElo "2121"]
[BlackElo "2029"]
[PlyCount "104"]
[EventDate "2014.??.??"]

1. e4 c5 2. Nf3 Nc6 3. d4 cxd4 4. Nxd4 Nf6 5. Nc3 e5 6. Nxc6 bxc6 7. Bc4 Bb4 8.
O-O O-O 9. Bg5 d6 10. Qf3 Be6 11. Bb3 h6 12. Bh4 g5 13. Bg3 Qe7 14. h4 Bg4 15.
Qd3 Nh5 16. Na4 gxh4 17. Bh2 Qg5 18. c3 Ba5 19. Bd1 Rad8 20. f4 exf4 21. Bxg4
Qxg4 22. Qf3 f5 23. exf5 Qxf3 24. Rxf3 Rxf5 25. Raf1 Re8 26. Bxf4 Re4 27. b4
Nxf4 28. bxa5 Rxa4 29. Kh2 Kf7 30. a6 Kf6 31. a3 Kg5 32. g3 hxg3+ 33. Rxg3+ Kf6
34. Rgf3 Rh5+ 35. Kg1 Rg5+ 36. Kh2 Ke5 37. R1f2 Rf5 38. Rf1 Rxa6 39. Re1+ Kd5
40. Rd1+ Kc5 41. Rd4 Rh5+ 42. Kg3 Ne2+ 43. Kg4 Rg5+ 44. Kh4 Nxd4 45. cxd4+ Kxd4
46. Rf6 d5 47. Rf4+ Ke3 48. Rf6 Ra4+ 49. Kh3 Rxa3 50. Re6+ Kf2+ 51. Kh4 Ra4+
52. Kh3 Rg3+ 0-1

[Event "Brno ÈEZ Talent"]
[Site "?"]
[Date "2014.08.30"]
[Round "8"]
[White "Skacelik, Petr"]
[Black "Pokorny, Petr"]
[Result "1/2-1/2"]
[WhiteElo "2173"]
[BlackElo "2126"]
[PlyCount "24"]
[EventDate "2014.??.??"]

1. d4 d5 2. c4 c6 3. Nc3 Nf6 4. Nf3 dxc4 5. e3 Bg4 6. Bxc4 e6 7. O-O Nbd7 8. h3
Bh5 9. Be2 Be7 10. e4 O-O 11. e5 Nd5 12. Nxd5 cxd5 {(R)} 1/2-1/2

[Event "Brno ÈEZ Talent"]
[Site "?"]
[Date "2014.08.30"]
[Round "8"]
[White "Meszaros, Ludek"]
[Black "Uhmann, Jan"]
[Result "0-1"]
[WhiteElo "2101"]
[BlackElo "2048"]
[PlyCount "134"]
[EventDate "2014.??.??"]

1. d4 d5 2. Nf3 Nf6 3. c4 e6 4. Nc3 Nbd7 5. Bg5 h6 6. Bh4 Be7 7. e3 O-O 8. Bd3
b6 9. O-O Bb7 10. Qe2 Ne4 11. Bg3 a6 12. Rac1 c5 13. Rfd1 f5 14. Bxe4 fxe4 15.
Ne5 cxd4 16. exd4 Nxe5 17. dxe5 Rc8 18. Nxe4 Bc5 19. Nd6 Rc7 20. Nxb7 Rxb7 21.
cxd5 exd5 22. Qxa6 Rbf7 23. Rc2 h5 24. Qd3 h4 25. e6 Rf5 26. b4 hxg3 27. bxc5
gxf2+ 28. Kf1 bxc5 {Diagram #} 29. Qe3 Qd6 30. e7 Re8 31. Re2 Qxh2 32. Qe6+ Rf7
33. Rxf2 Rexe7 34. Qc8+ Kh7 35. Qh3+ Qxh3 36. gxh3 Rxf2+ 37. Kxf2 Rd7 38. Ke3
Kg6 39. Rc1 Rc7 40. Rd1 Re7+ 41. Kd3 Kf5 42. Rc1 Rc7 43. Rf1+ Ke5 44. Re1+ Kd6
45. Rg1 Ra7 46. Rg6+ Ke5 47. a4 Rxa4 48. Rxg7 Ra3+ 49. Kd2 Rxh3 50. Rg5+ Ke4
51. Rg4+ Kf5 52. Rg8 c4 53. Re8 d4 54. Rf8+ Ke4 55. Re8+ Kd5 56. Rd8+ Kc5 57.
Rc8+ Kb4 58. Rb8+ Ka3 59. Ra8+ Kb2 60. Rb8+ Rb3 61. Rc8 Rd3+ 62. Ke2 Re3+ 63.
Kd1 Kc3 64. Ra8 Kd3 65. Ra2 c3 66. Rd2+ Kc4 67. Ra2 Rh3 0-1

[Event "Brno ÈEZ Talent"]
[Site "?"]
[Date "2014.08.30"]
[Round "8"]
[White "Miculka, David"]
[Black "Milcova, Zuzana"]
[Result "1/2-1/2"]
[WhiteElo "2018"]
[BlackElo "2027"]
[PlyCount "112"]
[EventDate "2014.??.??"]

1. e4 d5 2. exd5 Qxd5 3. Nc3 Qd8 4. d4 g6 5. Nf3 Bg7 6. h3 Nf6 7. Bc4 O-O 8.
O-O Nbd7 9. Re1 c6 10. Bg5 Nb6 11. Bb3 a5 12. a4 Nbd5 13. Qe2 Re8 14. Rad1 Bf5
15. Ne5 h6 16. Bh4 g5 17. Bg3 e6 18. Nc4 Nxc3 19. bxc3 Ne4 20. Qf3 Nxg3 21.
Qxg3 Re7 22. Nd6 Bg6 23. c4 Rd7 24. c5 Bf8 25. f4 Bxd6 26. cxd6 Rxd6 27. fxg5
Rxd4 28. Rxd4 Qxd4+ 29. Kh2 hxg5 30. Qxg5 Kg7 31. Qe7 Qb4 32. Rxe6 Qxe7 33.
Rxe7 Rb8 34. Kg3 b5 35. Ra7 bxa4 36. Bxa4 Rb2 37. Rxa5 Ra2 38. Ra8 c5 39. Kf3
Ra3+ 40. Kf2 {(R)} Be4 41. Ra6 Ra2 42. Kg3 Bxc2 43. Bb5 Rxa6 44. Bxa6 Be4 45.
Bc4 Kf6 46. Kf2 Bg6 47. Ke3 Ke5 48. g4 f6 49. h4 f5 50. gxf5 Bxf5 51. h5 Bh7
52. h6 Kf6 53. Kf4 Bc2 54. Bg8 Kg6 55. h7 Kg7 56. Ke5 Bxh7 {(R)} 1/2-1/2

[Event "Brno ÈEZ Talent"]
[Site "?"]
[Date "2014.08.30"]
[Round "8"]
[White "Kratochvil, Josef"]
[Black "Veznik, Michael"]
[Result "1-0"]
[WhiteElo "2269"]
[BlackElo "1934"]
[PlyCount "69"]
[EventDate "2014.??.??"]

1. e4 c5 2. Nf3 Nc6 3. d4 cxd4 4. Nxd4 Qb6 5. Nb3 Nf6 6. Nc3 e6 7. Be3 Qc7 8.
f4 Bb4 9. Bd3 Bxc3+ 10. bxc3 d6 11. O-O O-O 12. Qe1 Ng4 13. Bd2 f5 14. exf5
exf5 15. c4 Bd7 16. Qg3 Rae8 17. h3 Nf6 18. Bc3 Bc8 19. Rae1 Ne4 20. Bxe4 Rxe4
21. Nd2 Ree8 22. Kh2 Be6 23. Re3 Qf7 24. Rfe1 Bd7 25. Nf3 Rxe3 26. Rxe3 Re8 27.
Rxe8+ Bxe8 28. Ng5 Qg6 29. Qd3 h6 30. Qd5+ Kh8 31. Ne6 Bf7 32. Nf8 Qh5 33. Qxd6
Bxc4 34. Ne6 {Diagram #} Bxe6 35. Qf8+ 1-0

[Event "Brno ÈEZ Talent"]
[Site "?"]
[Date "2014.08.30"]
[Round "8"]
[White "Licka, Vlastimil"]
[Black "Dvorak, Adam"]
[Result "1/2-1/2"]
[WhiteElo "1959"]
[BlackElo "2130"]
[PlyCount "98"]
[EventDate "2014.??.??"]

1. e4 c5 2. Nf3 a6 3. c4 e6 4. d4 cxd4 5. Nxd4 Nf6 6. Nc3 d6 7. Be3 Qc7 8. Be2
b6 9. Qd2 Bb7 10. f3 Nbd7 11. O-O Be7 12. Rac1 Rc8 13. Qe1 Ne5 14. b3 Ng6 15.
Qf2 O-O 16. Bd3 Bd8 17. Nce2 Qb8 18. g3 Bc7 19. Bg5 Nd7 20. Be3 Rce8 21. Bb1
Nge5 22. h3 Nc5 23. Rcd1 Qa8 24. Nc3 {(R)} Nc6 25. Rfe1 Nxd4 26. Bxd4 f5 27.
Qe3 Nd7 28. Na4 Qd8 29. f4 b5 30. cxb5 axb5 31. Nc3 e5 32. fxe5 dxe5 33. Bc5 f4
34. Qf3 fxg3 35. Bxf8 Rxf8 36. Qg4 Qf6 37. Rf1 Qb6+ 38. Kh1 Rxf1+ {(R)} 39.
Rxf1 Nf6 40. Qxg3 b4 41. Re1 bxc3 42. Qxc3 Qf2 43. Qc4+ Kh8 44. Rf1 {(R)} Qg3
45. Qxc7 Qxh3+ 46. Kg1 Qg3+ 47. Kh1 Qh3+ 48. Kg1 Qg3+ 49. Kh1 Qh3+ 1/2-1/2

[Event "Brno ÈEZ Talent"]
[Site "?"]
[Date "2014.08.30"]
[Round "8"]
[White "Hajek, Oskar"]
[Black "Zeman, Radek"]
[Result "1/2-1/2"]
[WhiteElo "2061"]
[BlackElo "1845"]
[PlyCount "110"]
[EventDate "2014.??.??"]

1. e4 c5 2. Nf3 Nc6 3. Bb5 g6 4. Bxc6 bxc6 5. O-O Bg7 6. c3 d6 7. h3 Nf6 8. Re1
O-O 9. d4 cxd4 10. cxd4 Qc7 11. Nc3 Bb7 12. Bf4 Nd7 13. Rc1 Qb6 14. Qd2 Rfd8
15. d5 Nf6 16. dxc6 Bxc6 17. Nd5 Bxd5 18. exd5 Qb7 19. Rcd1 Rac8 20. Be3 Rc7
21. Qa5 Rdc8 22. Bd4 Ne8 23. b4 Rc4 24. a3 Bxd4 25. Nxd4 Nf6 26. Nc6 Nxd5 27.
Nd8 Qc7 28. Qxd5 Rxd8 29. Rxe7 Qxe7 30. Qxc4 Qe6 {(R)} 31. Qd4 Qb3 32. Rd3 Qa4
33. Qf6 Qd7 34. h4 d5 35. h5 Qd6 36. Qd4 Rd7 37. Re3 Qf8 38. h6 Rd8 39. Qxa7
Qxh6 40. Qd4 Rc8 41. Rh3 Qc1+ 42. Kh2 Rc4 43. Qe5 Re4 44. Qc3 Qf4+ 45. Qg3 Qc1
46. b5 Re1 47. Qf3 h5 48. g3 Qc4 49. b6 Qf1 50. Qg2 Qxg2+ 51. Kxg2 Rb1 52. Rh4
Rxb6 53. Rd4 Ra6 54. Rxd5 Rxa3 55. Rd7 Kg7 1/2-1/2

[Event "Brno ÈEZ Talent"]
[Site "?"]
[Date "2014.08.30"]
[Round "8"]
[White "Zpevakova, Jana"]
[Black "Sarson, Ondrej"]
[Result "1/2-1/2"]
[WhiteElo "2042"]
[BlackElo "1778"]
[PlyCount "164"]
[EventDate "2014.??.??"]

1. d4 d5 2. c4 c6 3. Nf3 Nf6 4. Nc3 a6 5. c5 Nbd7 6. Bf4 e6 7. e3 Be7 8. Bd3
O-O 9. h3 b6 10. b4 a5 11. a3 Ba6 12. Bxa6 Rxa6 13. O-O axb4 14. axb4 Qa8 15.
Rb1 b5 16. Qc2 Qb7 17. Nd2 Rfa8 18. Bh2 Bd8 19. g4 h6 20. f4 Bc7 21. Nb3 Qb8
22. Kh1 Qe8 23. Qg2 Nf8 24. Rg1 g6 25. h4 R8a7 26. h5 Kh7 27. Qh3 Ne4 28. Nxe4
dxe4 29. g5 Ra2 30. hxg6+ fxg6 31. gxh6 Bd8 32. Rg2 Qf7 33. Rgb2 Qf5 34. Qg2
Rxb2 35. Rxb2 Ra4 36. Nd2 Ra1+ 37. Rb1 Ra2 38. Qe2 Qh3 39. Rg1 Kxh6 40. Rg2 Kg7
41. Rg1 Bf6 42. Rd1 Be7 43. Rg1 Bd8 44. Rd1 Nd7 45. Qg2 Qxe3 46. Qxe4 Qxe4+ 47.
Nxe4 Nf6 48. Ng5 Ng4 49. Bg3 Bxg5 50. fxg5 Ra3 51. Be5+ Kf7 52. Rf1+ Ke7 53.
Bd6+ Kd7 54. Rf7+ Kd8 55. Rg7 Rb3 56. Bc7+ Ke8 57. Ba5 Rb2 58. Rg8+ Kf7 59. Rc8
Nh2 60. Rxc6 Nf3 61. Rc7+ Ke8 62. Rc8+ Ke7 63. Rh8 Nxd4 64. Bd8+ Kf7 {(R)} 65.
Bf6 Rxb4 {Diagram #} 66. Rh7+ (66. Bxd4 Rxd4 67. c6 Rc4 68. c7 Ke7 69. c8=Q
Rxc8) 66... Kf8 67. Rd7 Nf3 68. Kg2 Nxg5 69. Bxg5 Rg4+ 70. Kf3 Rxg5 71. c6 Ke8
72. Rd6 Rc5 73. Rxe6+ Kd8 74. Rxg6 Kc7 75. Ke3 Rxc6 76. Rg8 Rd6 77. Rg7+ Kc6
78. Rg5 b4 79. Ke2 b3 80. Rg3 b2 81. Rb3 Rh6 82. Kd2 Rh2+ 1/2-1/2

[Event "Brno ÈEZ Talent"]
[Site "?"]
[Date "2014.08.30"]
[Round "8"]
[White "Hyll, Jan"]
[Black "Kucera, Petr"]
[Result "1-0"]
[WhiteElo "1932"]
[BlackElo "1981"]
[PlyCount "43"]
[EventDate "2014.??.??"]

1. d4 Nf6 2. Nf3 e6 3. e3 d5 4. Bd3 c5 5. c3 Nc6 6. O-O Bd6 7. Nbd2 O-O 8. h3
Re8 9. dxc5 Bxc5 10. e4 e5 11. Qe2 d4 12. Nb3 Bb6 13. cxd4 exd4 14. e5 Nd5 {
Diagram #} 15. Bxh7+ Kxh7 16. Ng5+ Kg6 17. Qd3+ Bf5 $2 18. Qg3 Kh5 19. Nxf7 Qh4
20. Qxg7 Re6 21. g4+ Bxg4 22. Qh7+ 1-0

[Event "Brno ÈEZ Talent"]
[Site "?"]
[Date "2014.08.30"]
[Round "8"]
[White "Tovarek, Antonin"]
[Black "Blazek, Pavel"]
[Result "1-0"]
[WhiteElo "1932"]
[BlackElo "1770"]
[PlyCount "105"]
[EventDate "2014.??.??"]

1. e4 e5 2. Nf3 Nc6 3. Bb5 a6 4. Bxc6 dxc6 5. d4 exd4 6. Qxd4 Qxd4 7. Nxd4 Bd7
8. Be3 O-O-O 9. Nd2 c5 10. Ne2 Re8 11. O-O-O f5 12. Ng3 fxe4 13. Ndxe4 b6 14.
Rhe1 g6 15. Bd2 Bg7 16. Bc3 Bxc3 17. Nxc3 Nf6 18. f3 Bc6 19. Nge4 Nxe4 20. Nxe4
Rhf8 21. Rd2 Bxe4 22. fxe4 Re5 23. Rde2 Rfe8 24. Re3 Rh5 25. h3 Rhe5 26. Kd2
Kb7 27. R1e2 R8e7 28. Ke1 Kc6 29. Kf2 h6 30. h4 g5 31. Kg3 R7e6 32. hxg5 hxg5
33. Kg4 a5 34. Rf2 Kb7 35. Kh5 Kc6 36. Ref3 Kb7 37. Rf5 Rxe4 38. Kxg5 Re2 39.
g4 R6e5 {Diagram #} 40. Kg6 Re6+ 41. Kh5 Re8 42. g5 Rh8+ 43. Kg6 Rh2 44. Rxh2
Rxh2 45. Kf6 Rxc2 46. g6 Rd2 47. Rg5 Rd6+ 48. Ke7 Kc8 49. g7 Rd7+ 50. Ke6 Rxg7
51. Rxg7 Kb7 52. Kd5 a4 53. a3 1-0

[Event "Brno ÈEZ Talent"]
[Site "?"]
[Date "2014.08.30"]
[Round "8"]
[White "Glozar, Petr"]
[Black "Spodny, Josef"]
[Result "1/2-1/2"]
[WhiteElo "1566"]
[BlackElo "2007"]
[PlyCount "73"]
[EventDate "2014.??.??"]

1. e4 c6 2. d4 g6 3. c3 Bg7 4. Bf4 d6 5. Nf3 Bg4 6. Bc4 Bxf3 7. Qxf3 e6 8. O-O
Ne7 9. d5 cxd5 10. exd5 e5 11. Bb5+ Nd7 12. Bg5 O-O 13. Bxd7 Qxd7 14. Nd2 f6
15. Be3 f5 16. Nb3 f4 17. Bd2 Qb5 18. Rad1 Qa4 19. Ra1 Rf5 20. Rfe1 Rc8 21. Re4
Rc4 22. Nd4 Rxd4 23. cxd4 Qc2 24. Bc3 Nxd5 25. Re2 e4 26. Qxe4 Qxe4 27. Rxe4
Rf8 28. Rae1 Kf7 29. g3 g5 30. gxf4 gxf4 31. h3 Bf6 32. Kh2 Kg6 33. Re8 Rf7 34.
Rg8+ Kf5 35. Rg4 Bg5 36. Reg1 Bf6 37. Re1 1/2-1/2

[Event "Brno ÈEZ Talent"]
[Site "?"]
[Date "2014.08.30"]
[Round "8"]
[White "Stehlik, Jiri"]
[Black "Effenberger, Adam"]
[Result "0-1"]
[WhiteElo "1945"]
[BlackElo "1734"]
[PlyCount "106"]
[EventDate "2014.??.??"]

1. Nf3 c5 2. c4 g6 3. Nc3 Bg7 4. g3 Nc6 5. Bg2 d6 6. O-O Qd7 7. d3 b6 8. a3 Bb7
9. Rb1 Nd4 10. e4 e6 11. Nxd4 Bxd4 12. Ne2 Bg7 13. d4 cxd4 14. Nxd4 Nf6 15. Nb5
Rd8 16. e5 Bxg2 17. Nxd6+ Kf8 18. exf6 Bxf6 19. Bh6+ Ke7 20. Kxg2 Qxd6 21. Qf3
Qd3 22. Be3 Qxc4 23. Kg1 Rd7 24. b3 Qd5 25. Qe2 Rhd8 26. Rfc1 Bg5 27. Rb2 Bxe3
28. Qxe3 Qa5 29. b4 Rd1+ 30. Rxd1 Rxd1+ 31. Kg2 Qd5+ 32. f3 Qd3 33. Qxd3 Rxd3
34. Ra2 Rb3 35. g4 Kd7 36. g5 Kc6 37. Kg3 Kb5 38. h4 Ka4 39. Rd2 Rxa3 40. Rd7
Kxb4 41. Rxf7 a5 42. Rxh7 Rc3 43. Re7 Rc6 44. Kg4 a4 45. h5 gxh5+ 46. Kxh5 a3
47. g6 a2 48. Ra7 Rc5+ 49. Kh6 Ra5 50. Rxa5 bxa5 51. Kg7 a1=Q+ 52. Kf7 Qf1 53.
g7 Qxf3+ 0-1

[Event "Brno ÈEZ Talent"]
[Site "?"]
[Date "2014.08.30"]
[Round "8"]
[White "Hrdlicka, Vladan"]
[Black "Martirosyan, Ara"]
[Result "0-1"]
[WhiteElo "1823"]
[BlackElo "1729"]
[PlyCount "64"]
[EventDate "2014.??.??"]

1. e4 c5 2. Nf3 g6 3. c3 Bg7 4. d4 cxd4 5. cxd4 Nc6 6. Nc3 d6 7. d5 Ne5 8. Nxe5
Bxe5 9. f4 Bg7 10. Be3 Nf6 11. Bb5+ Bd7 12. Qa4 a6 13. Bxd7+ Qxd7 14. Qxd7+
Nxd7 15. Ke2 Rc8 16. Rhd1 O-O 17. Bd4 Rc4 18. Bxg7 Kxg7 19. Ke3 Rfc8 20. Rd4
Nb6 21. g4 h6 22. g5 hxg5 23. fxg5 Rh8 24. Rh1 Rh3+ 25. Kf4 Rxd4 26. Ne2 Rd2
27. Kg4 Re3 28. Ng3 Rxb2 29. h4 Rg2 30. Rh3 Nc4 31. Kf4 Rf2+ 32. Kg4 Ne5# 0-1

[Event "Brno ÈEZ Talent"]
[Site "?"]
[Date "2014.08.30"]
[Round "8"]
[White "Kaplan, Milan"]
[Black "Lisik, Miroslav"]
[Result "0-1"]
[WhiteElo "1800"]
[BlackElo "1678"]
[PlyCount "112"]
[EventDate "2014.??.??"]

1. e4 c5 2. c3 g6 3. d4 cxd4 4. Qxd4 Nf6 5. Bg5 Nc6 6. Qe3 Bg7 7. Be2 O-O 8.
Nd2 d6 9. Bh6 a6 10. Bxg7 Kxg7 11. h4 h5 12. O-O-O b5 13. f3 Be6 14. Kb1 Rc8
15. Nb3 Ne5 16. Nd4 Bc4 17. b3 Bxe2 18. Ngxe2 Rc5 19. Nf4 Qc8 20. Rc1 Re8 21.
Kb2 Rc7 22. Nd5 Nxd5 23. exd5 Nd7 24. g4 hxg4 25. h5 Rh8 26. Qxe7 Ne5 27. Ne6+
Qxe6 28. Qxc7 Qxd5 29. Rcd1 Qxf3 30. Qxd6 Qg2+ 31. Ka3 Nf3 32. Qd5 Rxh5 33.
Rxh5 gxh5 34. Qxh5 Qh3 35. Qf5 Qh4 36. Rd7 Ng5 37. Qe5+ Kg6 38. Rd6+ Ne6 39.
Qe4+ Kg7 40. Rxa6 Qg5 {Diagram #} 41. Ra5 g3 42. Qg2 Qc5+ 43. Kb2 Qf2+ 44. Qxf2
gxf2 45. Rxb5 f1=Q 46. c4 Qd3 47. Rd5 Nd4 48. c5 Qc2+ 49. Ka3 Qc3 50. Ka4 Qd2
51. a3 Qc3 52. Rxd4 Qxd4+ 53. b4 Qd7+ 54. Kb3 Qb5 55. a4 Qd3+ 56. Kb2 Qc4 0-1

[Event "Brno ÈEZ Talent"]
[Site "?"]
[Date "2014.08.30"]
[Round "8"]
[White "Prokop, Jiri"]
[Black "Turza, Pavel"]
[Result "0-1"]
[WhiteElo "1693"]
[BlackElo "1776"]
[PlyCount "90"]
[EventDate "2014.??.??"]

1. f4 Nf6 2. Nf3 e6 3. d4 Nc6 4. c3 d5 5. e3 Be7 6. Bd3 h6 7. O-O Ne4 8. Qc2 f5
9. Nbd2 Bf6 10. Be2 Qe7 11. Ne5 Bxe5 12. Bh5+ Kd8 13. fxe5 Rg8 14. Nxe4 dxe4
15. g3 g6 16. Be2 Bd7 17. a4 Rh8 18. b4 Ke8 19. Ba3 Qg7 20. b5 Ne7 21. c4 h5
22. h3 g5 23. Kh2 h4 24. g4 Ng6 25. Bb2 Rf8 26. Rad1 c6 27. gxf5 exf5 28. e6
Bc8 29. d5 Qe7 30. Bh5 Qh7 31. Bxg6+ Qxg6 32. Ba3 Rf6 33. e7 f4 34. exf4 cxb5
35. cxb5 Qf5 36. Qg2 g4 37. Qxg4 Qxg4 38. hxg4 Bxg4 39. Rc1 a6 40. b6 Rxb6 {
Diagram #} 41. d6 $2 Rb3 42. Ra1 Rc8 43. Rfb1 Rc2+ 44. Kg1 Rg3+ 45. Kf1 Bh3+
0-1

[Event "Brno ÈEZ Talent"]
[Site "?"]
[Date "2014.08.30"]
[Round "8"]
[White "Dumkova, Daniela"]
[Black "Svanda, Ondrej"]
[Result "1/2-1/2"]
[WhiteElo "1745"]
[BlackElo "1725"]
[PlyCount "100"]
[EventDate "2014.??.??"]

1. e4 c5 2. d3 g6 3. g3 Bg7 4. Bg2 Nc6 5. f4 d6 6. Nf3 Bg4 7. h3 Bxf3 8. Qxf3
e6 9. c3 Nge7 10. O-O O-O 11. Na3 Rb8 12. Nc2 b5 13. a3 a5 14. Bd2 Rb7 15. Qf2
b4 16. axb4 axb4 17. e5 bxc3 18. Bxc3 Rb3 19. Ra6 Qc8 20. Rfa1 dxe5 21. Qxc5
Nd4 22. Qxe7 Nxc2 23. R1a4 Ne3 24. Ra8 Rb8 25. Qd6 Nxg2 26. Rxb8 Qxb8 27. Qxb8
Rxb8 28. Kxg2 exf4 29. Rxf4 Bxc3 30. bxc3 Rd8 31. Rf3 Kf8 32. Kf2 Ke7 33. Ke3
f5 34. d4 g5 35. c4 Kd6 36. g4 f4+ 37. Ke4 Rc8 38. c5+ Ke7 39. Ra3 Kf6 40. Ra6
Rd8 41. c6 Ke7 42. c7 Rc8 43. Ke5 Rxc7 44. Rxe6+ Kf7 45. Kd6 Ra7 46. Re5 Ra6+
47. Kc7 f3 48. Re1 Rf6 49. d5 f2 50. Rf1 Ke7 {(R)} 1/2-1/2

[Event "Brno ÈEZ Talent"]
[Site "?"]
[Date "2014.08.30"]
[Round "8"]
[White "Barak, David"]
[Black "Greussing, Stefan"]
[Result "1/2-1/2"]
[WhiteElo "1409"]
[BlackElo "1803"]
[PlyCount "161"]
[EventDate "2014.??.??"]

1. e4 e6 2. d4 d5 3. Nc3 Nf6 4. Bg5 Be7 5. e5 Nfd7 6. Bxe7 Qxe7 7. Bb5 a6 8.
Bxd7+ Bxd7 9. Nge2 c5 10. O-O Nc6 11. f4 b5 12. Qd2 b4 13. Nd1 cxd4 14. Nxd4
Qc5 15. c3 Rc8 16. Kh1 bxc3 17. bxc3 O-O 18. Ne3 Na5 19. Rfc1 Nc4 20. Nxc4 Qxc4
21. Rab1 Rc7 22. h3 Rfc8 23. Rb3 Bb5 24. Nxb5 axb5 25. Rb4 Qxb4 26. cxb4 Rxc1+
27. Kh2 R1c2 28. Qd3 R8c4 29. a3 R2c3 30. Qd2 Rxa3 31. f5 Re4 32. Qg5 h6 33.
Qc1 Ra8 34. Qc6 Rf8 35. fxe6 fxe6 36. Qxe6+ Kh8 37. Qxd5 Rxb4 38. Qc5 Rbf4 39.
Qxb5 R4f5 40. Kg1 R5f7 41. Kh2 Re7 42. Qd5 Rfe8 43. e6 Rxe6 44. Qd7 Re2 45. Qf7
Rd8 46. Qc7 Rdd2 47. Qc8+ Kh7 48. Qf5+ Kg8 49. Qc8+ Kf7 50. Qb7+ Kg6 51. Qb1+
Rc2 52. Qb6+ Kh5 53. Qb5+ g5 54. Qd5 Rxg2+ 55. Qxg2 Rxg2+ 56. Kxg2 Kg6 57. Kf3
Kf5 58. Kg3 h5 59. Kf3 Ke5 60. Ke3 Kd5 61. Kd3 h4 62. Kd2 g4 63. Ke3 g3 64. Kf3
Kd4 65. Kg2 Kd3 66. Kg1 Ke3 67. Kg2 Kf4 68. Kg1 Ke3 69. Kg2 Ke2 70. Kg1 Kf3 71.
Kf1 g2+ 72. Kg1 Ke3 73. Kxg2 Ke2 74. Kg1 Kf3 75. Kh2 Kf2 76. Kh1 Kg3 77. Kg1
Kxh3 78. Kh1 Kg3 79. Kg1 h3 80. Kh1 Kh4 81. Kg1 1/2-1/2

[Event "Brno ÈEZ Talent"]
[Site "?"]
[Date "2014.08.30"]
[Round "8"]
[White "Khachatouri, Saro"]
[Black "Zikan, Karel"]
[Result "0-1"]
[WhiteElo "1790"]
[BlackElo "1772"]
[PlyCount "110"]
[EventDate "2014.??.??"]

1. d4 Nf6 2. Nf3 e6 3. c4 b6 4. g3 Ba6 5. Qa4 Be7 6. Bg2 Bb7 7. Nc3 O-O 8. O-O
Ne4 9. Nxe4 Bxe4 10. Be3 d6 11. Rac1 Qd7 12. Qb3 c5 13. Rfd1 Qb7 14. Bh3 Bxf3
15. exf3 Nd7 16. Bg2 Rad8 17. f4 Qc7 18. g4 g6 19. f5 exf5 20. gxf5 Bf6 21.
fxg6 fxg6 22. Bd5+ Kh8 23. Bh6 Bg7 24. Bxg7+ Kxg7 25. Qc3 Nf6 26. dxc5 dxc5 27.
Rd3 Rde8 28. Rcd1 Qe5 29. Qxe5 Rxe5 30. R3d2 Nxd5 31. Rxd5 Re2 32. R5d2 Rfxf2
33. Rxe2 Rxe2 34. Rd7+ Kh6 35. Rxa7 Rxb2 36. Kh1 g5 37. Ra6 Kh5 38. Ra7 h6 39.
Ra4 Kh4 40. Kg1 g4 41. Ra3 h5 42. Kh1 Kg5 43. Ra7 Kh4 44. Ra3 Rc2 45. Rb3 Rxa2
46. Rxb6 Rc2 47. Rd6 Rxc4 48. Rd3 Rc1+ 49. Kg2 Rc2+ 50. Kg1 c4 51. Rd1 c3 52.
Rd3 Rc1+ 53. Kg2 c2 54. Rc3 Kg5 55. Kf2 Rh1 0-1

[Event "Brno ÈEZ Talent"]
[Site "?"]
[Date "2014.08.30"]
[Round "8"]
[White "Glacner, Karel"]
[Black "Svanda, Adam"]
[Result "0-1"]
[WhiteElo "1574"]
[BlackElo "1486"]
[PlyCount "100"]
[EventDate "2014.??.??"]

1. Nf3 Nf6 2. g3 g6 3. Bg2 Bg7 4. d4 d5 5. O-O O-O 6. b3 Ne4 7. Bb2 Bf5 8. c4
c6 9. Nc3 dxc4 10. bxc4 c5 11. e3 Nc6 12. Nd5 e6 13. Nf4 Qb6 14. Qb3 Qxb3 15.
axb3 cxd4 16. exd4 Nb4 17. Ra4 Nc6 18. Ne2 Rfd8 19. b4 a6 20. Rfa1 Rac8 21. b5
axb5 22. cxb5 Ne7 23. Ba3 Nd5 24. Bb2 Rd7 25. Ra8 Rdc7 26. Ne5 Bxe5 27. dxe5
Kg7 28. Rxc8 Rxc8 29. Nd4 Rc4 30. g4 Rb4 31. Ba3 Rxd4 32. gxf5 gxf5 33. Bxe4
Rxe4 34. Rc1 Kg6 35. Bd6 Rg4+ 36. Kf1 Nf4 37. Rc8 Rh4 38. Rg8+ Kh5 39. Rh8 Kg4
40. Rg8+ Kf3 41. Rg3+ Ke4 42. Re3+ Kd4 43. Kg1 Rg4+ 44. Kf1 Rg2 45. Rf3 Rg4 46.
Bc7 Kc5 47. b6 Nd5 48. Rb3 Rb4 49. Bd6+ Kc4 50. Rh3 Rb1+ 0-1